Central Library OPAC University of Rajshahi

পারমাণবিক এবং নিউক্লিয় পদার্থবিজ্ঞান / (Record no. 68923)

MARC details
000 -LEADER
fixed length control field 00983nam a2200253 a 4500
001 - CONTROL NUMBER
control field 68923
003 - CONTROL NUMBER IDENTIFIER
rucl marc code BD-RjUL
005 - DATE AND TIME OF LATEST TRANSACTION
control field 20211209081829.0
008 - FIXED-LENGTH DATA ELEMENTS--GENERAL INFORMATION
fixed length control field 170408s2000 bg a|||| b||| 00| 0 ben d
020 ## - INTERNATIONAL STANDARD BOOK NUMBER
International Standard Book Number 9840739468
Terms of availability 250.00
035 ## - SYSTEM CONTROL NUMBER
System control number (BD-RjUL)69134
040 ## - CATALOGING SOURCE
Original cataloging agency BD-RjUL
Language of cataloging ben
Transcribing agency BD-RjUL
041 ## - LANGUAGE CODE
Language code of text/sound track or separate title ben
082 ## - DEWEY DECIMAL CLASSIFICATION NUMBER
Edition number 23
Classification number 539.7
Author mark and year ISP 2000
100 ## - MAIN ENTRY--PERSONAL NAME
Personal name ইসলাম, সিরাজুল গাজী
9 (RLIN) 122941
245 10 - TITLE STATEMENT
Title পারমাণবিক এবং নিউক্লিয় পদার্থবিজ্ঞান /
Statement of responsibility, etc. গাজী সিরাজুল ইসলাম
260 ## - PUBLICATION, DISTRIBUTION, ETC. (IMPRINT)
Place of publication, distribution, etc. ঢাকা :
Name of publisher, distributor, etc. বাংল একাডেমী,
Date of publication, distribution, etc. ২০০০
300 ## - PHYSICAL DESCRIPTION
Pagination খন্ড.
Size ২২ সেমি.
504 ## - BIBLIOGRAPHY, ETC. NOTE
Bibliography, etc গ্রন্থপন্জি সংযুক্ত
505 0# - FORMATTED CONTENTS NOTE
Formatted contents note খন্ড-২
650 ## - SUBJECT ADDED ENTRY--TOPICAL TERM
Topical term or geographic name as entry element পারমাণবিক পদার্থবিজ্ঞান
9 (RLIN) 137379
Topical term or geographic name as entry element Nuclear physics
9 (RLIN) 116600
942 ## - ADDED ENTRY ELEMENTS (KOHA)
Source of classification or shelving scheme Dewey Decimal Classification
Koha item type Books
Holdings
Lost status Source of classification or shelving scheme Damaged status Not for loan Collection code Permanent Location Current Location Shelving location Date acquired Source of acquisition Cost, normal purchase price Total Checkouts Full call number Date last seen Copy number Koha item type
  Dewey Decimal Classification   Not For Loan Non-fiction Central Library, University of Rajshahi Central Library, University of Rajshahi Reading Room 19/09/2000 Author 250.00   B 539.7 ISP V-2 2000 08/04/2017 C-1 Books